Statystyki dla Białe owoce i warzywa

Kliknij tutaj aby rozwiązać quiz!

Ogólne statystyki

  • Ten quiz został rozwiązany 151 razy
    (104 od ostatniego zresetowania)
  • Średni wynik to 7 z 15

Statystyki odpowiedzi

HintOdpowiedź% Poprawnych
Pietruszka
81%
W strączkachFasola
77%
Warzywo prawdziwego PolakaCebula
75%
Seler
67%
Śliwka chińska, bliźniarka smaczna, czerwona skóraLiczi
57%
Jest też czerwona i czarna, rośnie w kiściachPorzeczka
57%
Kalafior
52%
Rzepa
52%
Czosnek
45%
Pitaja, różowa lub żółta skóra, czarne pestkiSmoczy owoc
41%
KorzeńImbir
39%
Wszechlek, ginseng, jest to korzeńŻeń-szeń
16%
Yam, chiński ziemniak, ignamPochrzyn
10%
DaikonBiała rzodkiew
7%
Garcynia, smaczelina, żółtopla, żółciecz, fioletowo-czerwona skóraMangostan
7%

Rozkład punktacji

Percentyl według liczby udzielonych odpowiedzi

Procent ludzi z każdym wynikiem

Twoja historia wyników

Nie rozwiązałeś tego quizu od ostatniego zresetowania